Countries with the Most People in Prison - Statistics

General Stats
  • This quiz has been taken 61 times
  • The average score is 9 of 10
Answer Stats
People in Prison Country % Correct
1,690,000 China
100%
2,068,800 United States
100%
471,490 Russia
98%
478,600 India
96%
220,866 Mexico
96%
811,707 Brazil
93%
189,000 Iran
89%
266,259 Indonesia
86%
291,198 Turkey
74%
309,282 Thailand
49%
No matching quizzes found
Score Distribution
Percent of People with Each Score
Percentile by Number Answered
Your Score History
You have not taken this quiz